| 000 | 00996 a2200169 4500 | ||
|---|---|---|---|
| 003 | Nust | ||
| 005 | 20230120115513.0 | ||
| 040 | _cNust | ||
| 082 | _a808.81,RUB | ||
| 100 |
_aRoberts, Cecil _9107228 |
||
| 245 |
_aThey wanted to live / _cCecil Roberts |
||
| 260 |
_aLondon _bHodder and Stoughton limited _c1926 |
||
| 300 | _a319,p.; | ||
| 505 | _aThe Day Begins (Page-9), The Parrish family (Page-18), Chance (Page-35), Prelude in Prague (Page-49), Encounter in Paris (Page-67), Drama in Budapest (Page-86), Matany Intervens (Page-99), Onkel Heinrich (Page-116), Vienna is so Gay (Page-129), Waddle Speaks Out (Page-148), On to Budapest (Page-158), Count Zarin (Page-177), Play Gipsy (Page-186), The Road to Tiszatardos (Page-225), Puszta Cavalcade (Page-244), The Wedding Feast (Page-256), Belgrade Inerval (Page-267), Lake Balaton (Page-280), The Dog Song (Page-294), Crisis in Prague (Page-301), Another Day Begins (Page-315). | ||
| 650 |
_aThey wanted to live _9107229 |
||
| 942 |
_2ddc _cBK |
||
| 999 |
_c186325 _d186325 |
||